Skip to content
Welcome to University of Aberdeen, Mumbai
Home
English
Deutsch
Español
Français
Italiano
日本語
Nederlands
Português
Português (Brasil)
中文(简体)
中文(繁體)
Türkçe
עברית
Gaeilge
Cymraeg
Ελληνικά
Català
Euskara
Русский
Čeština
Suomi
Svenska
polski
Dansk
slovenščina
اللغة العربية
বাংলা
Galego
Tiếng Việt
Hrvatski
हिंदी
Հայերէն
Українська
Sámegiella
Монгол
Māori
Sign In
全文檢索
題名
作者
主題
索引號
ISBN/ISSN
標簽
檢索
高級檢索
International monetary economi...
引用
發送短信
推薦此
打印
導出紀錄
導出到 RefWorks
導出到 EndNoteWeb
導出到 EndNote
加到收藏夾
Permanent link
International monetary economics
Saved in:
書目詳細資料
主要作者:
Fritz Machlup
格式:
圖書
出版:
Routledge
標簽:
添加標簽
沒有標簽, 成為第一個標記此記錄!
持有資料
實物特徵
您的評論
相似書籍
職員瀏覽
MARC
LEADER
00000nam a2200000Ia 4500
005
20260515061617.0
100
|a
Fritz Machlup
020
|a
9780415488884
942
|c
BK
245
|a
International monetary economics
260
|b
Routledge
999
|c
60
|d
60
952
|0
0
|1
0
|4
0
|7
0
|a
ABDN
|b
ABDN
|d
2026-05-15
|l
0
|p
000075
|r
2026-05-15 06:16:17
|w
2026-05-15
|y
BK
相似書籍
A Course in Monetary Economics Sequential Trade, Money, and Uncertainty
由: Eden, Benjamin
International Studies of Economics
出版: (2023)
Journal of International Economics and Management
出版: (2021)
International Economics, 12/e
由: Krugman, Paul R.
International Journal of Sustainability in Business and Economics
出版: (2025)